| 000 | 01966nam a2200337 c 4500 | ||
|---|---|---|---|
| 001 | 59530 | ||
| 003 | CO-BoRNBP | ||
| 005 | 20251022155350.0 | ||
| 007 | ta | ||
| 008 | 250128s2024 ck ac||gr ||| 001 0 spa d | ||
| 020 | _a9789586658454 | ||
| 040 |
_aCO-BoRNBP _bspa _erda _cCO-BoRNBP |
||
| 041 | 0 | _aspa | |
| 082 | 0 | 4 |
_a370.89 _bC13r _223 |
| 100 |
_aCaicedo Ortiz, José Antonio _eaut _965853 |
||
| 245 | 1 | 3 |
_aEl racismo escolar / _cJosé Antonio Caicedo Ortiz, Elizabeth Castillo Guzmán :debates educativos y crónicas. |
| 250 | _aEdición especial | ||
| 264 | 1 |
_aBogotá, Colombia : _bSiglo del Hombre, _c2024 |
|
| 300 |
_a187 páginas : _bilustraciones, fotografías a color |
||
| 336 |
_atexto _btxt _2rdacontent |
||
| 337 |
_asin mediación _bn _2rdamedia |
||
| 338 |
_avolumen _bnc _2rdacarrier |
||
| 504 | _aIncluye referencias bibliográficas e índice analítico | ||
| 520 | _aLa escuela es un escenario esencial de socialización política. En ella aprendemos a reconocer, valorar y representar la sociedad que habitamos. Durante varias décadas se ha mostrado el papel central que juega esta institución y sus dispositivos de saber en la reproducción de estereotipos y estigmatizaciones relacionadas con la racialización de las personas afrodescendientes. La experiencia del racismo es uno de los mayores actos de vulneración de la dignidad humana, sobre todo cuando se ejerce sobre niñas y niños pequeños. En este libro retomamos las lecciones y aprendizajes de quince años de trabajo investigativo sobre el racismo en la escuela colombiana y sus impactos más significativos en el campo de los derechos de las poblaciones negras, palenqueras, afrocolombianas y raizales | ||
| 650 | 0 | 7 |
_aDiscriminación racial _2lemb |
| 650 | 0 | 7 |
_aDiversidad cultural _2lemb _933705 |
| 650 | 0 | 7 |
_aEducación intercultural _2lemb _9346 |
| 650 | 0 | 7 |
_aRacismo en la educación _2lemb _965854 |
| 700 |
_aCastillo Guzmán, Elizabeth _eaut _965855 |
||
| 942 |
_2ddc _cBK |
||
| 999 |
_c59530 _d59530 |
||